Biggest Cities not in Populous Countries - Statistics

General Stats
  • This quiz has been taken 624 times
    618 since last reset
  • The average score is 11 of 20
Answer Stats
* Population City % Correct
31 14,122,000 Buenos Aires
77%
29 8,991,000 Bogota
75%
43 10,750,000 Lima
75%
64 6,225,000 Santiago
74%
27 26,640,000 Seoul
73%
30 6,171,000 Madrid
71%
38 6,456,000 Toronto
70%
22 10,236,000 London
68%
24 8,432,000 Johannesburg
59%
114 5,624,000 Singapore
59%
21 14,998,000 Bangkok
55%
41 7,088,000 Kuala Lumpur
53%
40 5,666,000 Riyadh
53%
55 7,438,000 Taipei
53%
36 6,625,000 Baghdad
47%
23 5,257,000 Milan
47%
49 5,899,000 Luanda
35%
34 5,125,000 Khartoum
33%
25 4,800,000 Yangon
31%
54 4,800,000 Abidjan
25%
No matching quizzes found
Score Distribution
Percent of People with Each Score
Percentile by Number Answered
Your Score History
You have not taken this quiz since the last reset